| 000 | 00623nam a2200217Ia 4500 | ||
|---|---|---|---|
| 001 | 16982 | ||
| 003 | AR-BaAGN | ||
| 005 | 20231116141608.0 | ||
| 007 | ta | ||
| 008 | 211213s1943 ag |||||||||||||| ||spa d | ||
| 040 |
_dAR-BaAGN _aAR-BaAGN _bspa _eaacr |
||
| 100 | _aBeveridge, William | ||
| 245 | 1 | 0 |
_aSeguridad social y servicios afines : _binforme preentado al Parlamento de Gran Bretaña (1942) |
| 260 |
_aBuenos Aires : _bAcademia de Ciencias Económicas, _c1943. |
||
| 300 | _a120 páginas | ||
| 336 |
_2rdacontent _btxt |
||
| 337 |
_2rdamedia _bn |
||
| 338 |
_2rdacarrier _bnc |
||
| 942 | _cLIBRO | ||
| 999 |
_c16982 _d16982 |
||